000 01317namaa22003377i 4500
003 EG-GICUC
005 20260112135957.0
008 260112s2023 ua a|||jr|||| 000 0 ara d
017 _a2022 / 27791
_bدار الكتب والوثاق القومية (القاهرة)
020 _a9789778063486
040 _aEG-GiCUC
_bara
_cEG-GiCUC
_dEG-GiCUC
_erda
082 0 4 _221
_a338.9071
_bS1321
092 0 4 _221
_a338.9071
_bS1321
099 _a338.9071 S1321
100 1 _aالسعيد، محمود،
_eمؤلف.
245 1 2 _aالجامعة والتنمية فى مصر :
_bمكان داخل نادى المائة/
_cد.محمود السعيد
250 _aالطبعة الاولى
264 _aالقاهرة (مصر) :
_bدون للنشر والتوزيع،
_c2023
300 _a159 صفحة :
_bايضاحيات ؛
_c24 سم
336 _2rdacontent
_atext
337 _2rdamedia
_aUnmediated
338 _2rdacarrier
_avolume
504 _a.
541 _aد / محمود السعيد ؛
_bالقاهرة ؛
_cإهداء ؛
_d2026.
650 1 7 _aالتنمية الاقتصادية
_xتعليم
_2qrmak
650 1 7 _aالتنمية الاجتماعية
_xتعليم
_2qrmak
650 1 7 _aالتنمية السياسية
_xتعليم
_2qrmak
651 1 _2qrmak
905 _aAmira
942 _2ddc
_cBK
_e21
_n0
999 _c177623
_d177623